MDQL
is popping MORE tags! Check the
thread
!
Quizzes
Events
Quiz Creation
Community
Videos
Private Events
Remove Ads
Sign In
Join for FREE
Feedback
Dark Mode
Quiz Categories
Sports
Geography
Music
Movies
Television
Just For Fun
Miscellaneous
History
Literature
Language
Science
Gaming
Entertainment
Religion
Holiday
For Kids
Quiz Lab
Recent
Popular Today
Quiz Kudos Today
Editor Picks
Curator Picks
Quizzes by...
Day
Popularity
Type
Ratings
Length
Year
Community
Subscriptions
Recent Discussions
Orange Saloon
Badges
Playlists
Quests
Create
Leaderboards
Showdown
Live 5
Trivia Bingo
Activity
Puzzle Library
Sporcle Events
Private Events
Virtual Trivia
Globe League
Become a Host
Pub Owners
SporcleCon
Opinionation
Our Games
Videos
Blog
Mobile Apps
Partnerships
Remove Ads and Go Orange
Feedback
Sports
Athletes
MLB
NBA
NHL
NFL
Soccer
Sports Teams
WWE
NCAA
Football
Premier League
Basketball
Baseball
Hockey
Golf
Tennis
Cricket
Rugby
Auto Racing
Olympics
World Cup
Sports
Athletes
MLB
NBA
NHL
NFL
Soccer
Sports Teams
WWE
NCAA
Football
Premier League
Basketball
Baseball
Hockey
Golf
Tennis
Cricket
Rugby
Auto Racing
Olympics
World Cup
Random Quiz
Search Sporcle
×
Curator Pick
Curator Pick
Sports
Auto Racing
Type in answers that appear in a list
Type in answers that appear in a list
Classic
Best Score? Go Orange.
Anyone but Nigel Mansell Stats
Can you name the drivers, apart from Nigel Mansell, who fit these clues?
By
PJC_90
10m
66 Questions
1,297 Plays
1,297 Plays
1,297 Plays
Comments
Comments
Give Quiz Kudos
Give Quiz Kudos
-
- Ratings
hide this ad
Replay
Link that replays current quiz
Next Quiz
Link to next quiz in quiz playlist
You Got
0%
They Got
Avg Score
56%
Avg Friend Score
Upgrade to see
Score Distribution
Jump to the score distribution portion of the page
Score
0/66
Timer
10:00
0
Plays Today
Hint
Answer
% Correct
Drove for McLaren in the 1990's
Ayrton Senna
97.5%
Drivers with 30+ Pole Positions
Ayrton Senna
97.5%
Team-
mates with Riccardo Patrese
Michael Schumacher
96.4%
Drivers with 30+ Pole Positions
Michael Schumacher
96.4%
Drivers with 30+ Pole Positions
Alain Prost
94.7%
Drivers with 30+ Pole Positions
Lewis Hamilton
94.1%
Scored Points in a Judd-
engined car
Mika Häkkinen
94.1%
Drove for McLaren in the 1990's
Mika Häkkinen
94.1%
Drove for McLaren in the 1990's
David Coulthard
91.5%
British Drivers to score for Team Lotus
Jim Clark
90.7%
Drivers with 30+ Pole Positions
Jim Clark
90.7%
Drivers with 30+ Pole Positions
Sebastian Vettel
90.3%
Drove for McLaren in the 1990's
Gerhard Berger
89%
British Drivers to score for Team Lotus
Graham Hill
87%
Team-
mates with Riccardo Patrese
Nelson Piquet
85.9%
Scored Points in a Judd-
engined car
Nelson Piquet
85.9%
Team-
mates with Riccardo Patrese
Martin Brundle
85.8%
Scored Points in a Judd-
engined car
Martin Brundle
85.8%
Drove for McLaren in the 1990's
Martin Brundle
85.8%
Classified at 1984 Dallas Grand Prix
Keke Rosberg
84.6%
Drivers with 30+ Pole Positions
Nico Rosberg
84.6%
Drove for McLaren in the 1990's
Michael Andretti
82.4%
Drove for McLaren in the 1990's
Mark Blundell
82.2%
Team-
mates with Riccardo Patrese
Thierry Boutsen
70.8%
British Drivers to score for Team Lotus
Johnny Herbert
64.9%
Team-
mates with Riccardo Patrese
Derek Warwick
63.5%
British Drivers to score for Team Lotus
Derek Warwick
63.5%
Team-
mates with Riccardo Patrese
Elio de Angelis
62.6%
Classified at 1984 Dallas Grand Prix
Elio de Angelis
62.6%
Team-
mates with Riccardo Patrese
Andrea de Cesaris
61.9%
Classified at 1984 Dallas Grand Prix
René Arnoux
61.9%
Drove for McLaren in the 1990's
Philippe Alliot
61.4%
Drove for McLaren in the 1990's
Jan Magnussen
57.5%
Hint
Answer
% Correct
British Drivers to score for Team Lotus
John Surtees
54.1%
Classified at 1984 Dallas Grand Prix
Jacques Laffite
53.1%
Team-
mates with Riccardo Patrese
Alan Jones
46.4%
Team-
mates with Riccardo Patrese
Eddie Cheever
46.1%
Scored Points in a Judd-
engined car
Ivan Capelli
43.6%
British Drivers to score for Team Lotus
Innes Ireland
43.1%
Scored Points in a Judd-
engined car
Riccardo Patrese
41.5%
British Drivers to score for Team Lotus
Johnny Dumfries
39.1%
Team-
mates with Riccardo Patrese
Jochen Mass
38.5%
Classified at 1984 Dallas Grand Prix
Corrado Fabi
38.5%
Team-
mates with Riccardo Patrese
Jacques Villeneuve, Sr.
37.5%
Scored Points in a Judd-
engined car
Stefano Modena
37.2%
Scored Points in a Judd-
engined car
Mauricio Gugelmin
36.1%
British Drivers to score for Team Lotus
Julian Bailey
35.6%
Scored Points in a Judd-
engined car
Julian Bailey
35.6%
Scored Points in a Judd-
engined car
Satoru Nakajima
34.6%
British Drivers to score for Team Lotus
Jackie Oliver
30%
Scored Points in a Judd-
engined car
JJ Lehto
29%
British Drivers to score for Team Lotus
Trevor Taylor
28.7%
British Drivers to score for Team Lotus
Mike Spence
28.3%
Team-
mates with Riccardo Patrese
Manfred Winkelhock
27.5%
Classified at 1984 Dallas Grand Prix
Manfred Winkelhock
27.5%
Team-
mates with Riccardo Patrese
Jean-Louis Schlesser
26.9%
British Drivers to score for Team Lotus
Peter Arundell
26.3%
Classified at 1984 Dallas Grand Prix
Piercarlo Ghinzani
24.8%
British Drivers to score for Team Lotus
Cliff Allison
21.4%
Team-
mates with Riccardo Patrese
Rolf Stommelen
20.5%
British Drivers to score for Team Lotus
Richard Attwood
19.8%
Scored Points in a Judd-
engined car
Emanuele Pirro
19.8%
Team-
mates with Riccardo Patrese
Siegfried Stohr
19%
British Drivers to score for Team Lotus
John Miles
17.1%
Team-
mates with Riccardo Patrese
Mike Thackwell
12.1%
British Drivers to score for Team Lotus
Ron Flockhart
7.1%
Quiz Playlist
Details
Report
Send in Message
Add To Playlist
Classic:
Type in answers that appear in a list
Last Updated: Aug 8, 2017
Curator Pick in
Auto Racing
Quiz Scoreboard
CHALLENGE
Sign Up to Join the Scoreboard
Show All
Scores
Hide
Comments
May contain spoilers
Recently Published
Two Season TV Shows II
by 123Four
Television
10m
Image Sorting: Flags VI
by Barbecue
Geography
2m
Find the 'City' Movie
by crazypaving
Movies
60s
More to Explore
Quiz From the Vault
Featured Blog Post
14 Easter Pick-up Lines to Find Eggs With
hide this ad
You Might Also Like...
Tags
Auto Racing Quiz
Anyone
British
Driver
F1 Drivers
F1 Races
Formula 1
Grand Prix
Today's Top Quizzes in Sports
Browse Sports
hide this ad
Today's Top Quizzes in Auto Racing
Browse Auto Racing
Top Contributed Quizzes in Sports
1
Les meilleurs buteurs des matchs entre le PSG et l’OM
2
Les entraîneurs de l'OM et du PSG au 21e siècle
3
2022 World Cup Stars
4
Les joueurs passés par le PSG et l'OM
5
Players with Multiple 50 Home Run Seasons
6
Criteria MLB: Left Handed Sluggers
7
FIFA Club World Cup Champions
8
Les joueurs passés par le LOSC et le RC Lens
9
NBA Logic Puzzle 2.0
10
Top 10 NHL Goal Scorers of All Time
Explore More
Trending Topics
Anime
Harry Potter
Marvel
Disney
NBA
Crossword
Kpop
Soccer
Pokémon
WWE
Country
Song
Puzzle
NFL
The Office
hide this ad
More By:
PJC_90
Quiz
Plays
Rating
Category
Featured
Created
Names in Common
24,156
4.81
Entertainment
Mar 15, 2016
F1 Logic Puzzle: Teams (2010's)
14,001
4.15
Sports
Apr 29, 2021
F1 Top 10 Drivers - 2000's
9,933
4.80
Sports
Jan 6, 2016
F1 Logic Puzzle: Teams (2000's)
7,487
4.25
Sports
Apr 27, 2021
Criteria Match: F1 Drivers
7,189
4.45
Sports
Mar 8, 2016
Go to Creator's Profile
Score Distribution
Quiz Creator Spotlight
PJC_90
Follow
Send a Message
Quizzes Created
-
Created Quiz Play Count
-
More By This Creator
Popular Quizzes Today
1
Find the US States - No Outlines Minefield
2
Colored Red Africa Blitz
3
Find the 'City' Movie
4
5x2 Blitz: Bands
5
The Countries of the World
6
Find the Countries of Europe - No Outlines Minefield
7
Find the US States
8
US States
More Sports Quizzes
Get the Picture: Mike Trout or Mickey Mantle?
Quiz Lab
Trending Quizzes
Colored Red Europe Blitz I
Colored Red Africa Blitz II
Colored Red Europe Blitz II
Colored Red Africa Blitz III
Colored Red Europe Blitz III
Recently Updated
How Do You Spell That?
pecheneg
Godzilla Movies
pecheneg
Grab Bag: 4-10 Letters
pecheneg
2024 March Madness Bracket
pecheneg
Famous TV Couples
Peacemaker
Champions League XIs: Real Madrid
pecheneg
Largest US Cities 1790-2010
pecheneg
Rides in Walt Disney World
pecheneg
Most Oscar Losses (Acting)
pecheneg
Beyoncé Albums
pecheneg
Trending Topics
Anime
Disney
NBA
Kpop
Crossword
Harry Potter
Marvel
Soccer
Country
NFL
Song
WWE
Pokémon
The Office
Puzzle
Your Account Isn't Verified!
In order to create a playlist on Sporcle, you need to verify the email address you used during registration. Go to your
Sporcle Settings
to finish the process.
Report this User
Report this user for behavior that violates our
Community Guidelines
.
Details:
Send Report
Go to the Sporcle.com Mobile Site →
Comments